| 000 | 00635nam a2200205 4500 | ||
|---|---|---|---|
| 010 | _aB-115283 | ||
| 020 |
_a9788172235192 _c595.00 |
||
| 035 | _aB-115283 | ||
| 037 | _bCen Lib / Ret | ||
| 040 |
_aDPL _bEn |
||
| 082 |
_a371.42503 _bGHO |
||
| 100 | _aGhose, Jayanti | ||
| 245 |
_aThe HarperCollins encyclopedia of careers / _cby Jayanti Ghose |
||
| 260 |
_aNew Delhi _bHarper Collins Publishers India _c2004 |
||
| 270 |
_a1A, Hamilton House, Cannaught Place _bNew Delhi _e110001 |
||
| 300 |
_a1625p _c27cm(PBK) |
||
| 650 | _aDictionary | ||
| 650 | _aCareers - Dictionary | ||
| 942 |
_2ddc _cEN _h371.42503 _mGHO |
||
| 999 |
_c136872 _d136872 |
||